| 000 | 00707nam a22001937a 4500 | ||
|---|---|---|---|
| 999 |
_c6901 _d6901 |
||
| 003 | AR-CdUCM | ||
| 008 | 190319b ||||| |||| 00| 0 spa d | ||
| 040 |
_aMUNICIPALIDAD PROVINCIAL DEL CUSCO _cBIBLIOTECA MUNICIPAL DEL CUSCO |
||
| 082 |
_a539.7 / _bF83 |
||
| 100 |
_aFrisancho Pineda, Ignacio _913339 |
||
| 245 |
_aFísica nuclear : _bCurso básico / |
||
| 260 |
_aLima : _bHozlo, |
||
| 300 |
_a288 paginas ; _c21 cm. |
||
| 505 | _aContenido :Fundamentos de la física atómica y nuclear -- Radiactividad -- Reacciones nucleares -- Teoría de la relatividad -- Física de neutrones ... | ||
| 650 |
_aFísica nuclear _919447 |
||
| 650 |
_aFísica especifica _919448 |
||
| 942 |
_2ddc _cLIBROS |
||
| 945 | _arum | ||